Paroles - Orelsan - Jour meilleur - Statistiques

Statistiques générales
  • Ce quiz a été pris 1 373 fois
    1 323 depuis la dernière actualisation
  • Le résultat moyen est 304 sur 392
Statistiques - réponses
Paroles % Correct
a
95%
à
95%
à
95%
de
95%
un
95%
la
94%
Le
94%
le
94%
le
94%
Le
94%
en
93%
En
93%
que
93%
On
92%
on
92%
c'est
91%
te
91%
dire
90%
dire,
90%
va
90%
y
90%
y
90%
jour
89%
Jour
89%
meilleur
89%
meilleur,
89%
tu
89%
Tu
89%
vie
89%
vie,
89%
vie,
89%
tout
88%
Tout
88%
une
88%
une
88%
je
87%
je
87%
quand
87%
Quand
87%
Mais
86%
mais
86%
mais
86%
qu'une
85%
avant
84%
comme
84%
Comme
84%
Des
84%
des
84%
Des
84%
deux,
84%
deux
84%
du
84%
les
84%
Les
84%
t'en
84%
conneries,
83%
conneries
83%
problème
83%
sais
83%
trois
83%
se
82%
fasses
81%
pas
81%
qu'tu
81%
s'arranger,
80%
s'arranger,
80%
dépression
79%
faux,
79%
faux,
79%
Laisse-moi
79%
rhume
79%
soigne
79%
jamais
78%
qu'il
78%
sont
78%
fois
77%
fois,
77%
fois;
77%
fois,
77%
moi
77%
plus
77%
quoi
77%
rira
77%
faire,
76%
faire
76%
faire,
76%
rien
76%
Rien
76%
sauf
76%
sauf,
76%
si
76%
sous
76%
t'as
76%
toujours
76%
trop
76%
soignera
75%
mon
74%
temps
74%
changer,
73%
changer,
73%
d'un
73%
goût
72%
dure
71%
enfin,
71%
matins
71%
sur
71%
arrière
70%
d'avancer
70%
écouter
70%
j'pourrai
70%
traverser,
70%
dune
69%
fin
69%
fin
69%
j'saurai
69%
l'fais
69%
monde
69%
qu'ça
69%
vu
69%
Allergique
68%
derrière
68%
désert
68%
même
68%
chaque
67%
compter
67%
l'désert
67%
lune
67%
pourras
67%
cache
66%
il
66%
d'déjà
64%
peut-être
64%
ami
63%
abandonné,
61%
abandonné,
61%
besoin
61%
nuits
61%
tous
61%
dans
60%
l'verra
60%
fais,
59%
faut
59%
obscurs
59%
peux
58%
vrai,
57%
ennemi
56%
56%
56%
tes
56%
apprendre
54%
dis-toi
54%
Être
54%
l'être,
53%
contrôler
52%
demain
51%
potes
51%
toutes
51%
d'abord
50%
disant
50%
j'le
50%
reste,
50%
trahi
50%
heureux,
49%
l'acceptes
49%
t'ont
49%
parties
47%
meufs
45%
noires,
45%
noires,
45%
vas
45%
haine,
44%
t'réveilles
44%
chansons
43%
d'avoir
41%
d'rap
40%
j'pourrais
38%
coucher
37%
morceaux
37%
soutien,
33%
d'variét',
30%
Aucun quiz correspondant
Distribution des résultats
% des personnes avec chaque résultat
Percentile par nombre de réponses
Votre historique - résultats
Vous n’avez pas pris ce quiz depuis la dernière actualisation